000 01127nam a2200229 i 4500
001 182568
003 ES-MaACL
005 20250716052854.0
008 130927s1866 sp a | |||||||| | spa d
080 _a94(460.354)
100 1 _aCliment, Manuel (
_d1810-1870)
_9153464
245 1 0 _aCrónica de la provincia de Huelva /
_cpor Manuel Climent.
260 _aMadrid :
_bAquiles Ronchi,
_c1866.
300 _a63 p., [3] h. de lám., [1] h. de mapas :
_bil. ;
_c32 cm.
490 1 _aCrónica general de España, o sea historia ilustrada y descriptiva de sus provincias, sus poblaciones más importantes de la península y de ultramar / dirigida por Cayetano Rossell
651 4 _aHuelva (Provincia)-
_xHistoria.
_9153465
651 4 _aHuelva (Provincia)-
_xDescripción.
_9153466
700 1 _aRosell, Cayetano,
_d1817-1883
_999681
830 0 _aCrónica general de España, o sea Historia ilustrada y descriptiva de sus provincias, sus poblaciones más importantes de la península y posesiones de Ultramar
_9224862
852 _aES-MaACL
_jC-1576(4)
_z.- Encuadernado con otras obras
999 _c182568
_d182568